Own The Future (Record no. 334851)

MARC details
000 -LEADER
fixed length control field 00580nam a2200169Ia 4500
008 - FIXED-LENGTH DATA ELEMENTS--GENERAL INFORMATION
fixed length control field 230718s9999 xx 000 0 und d
020 ## - INTERNATIONAL STANDARD BOOK NUMBER
International Standard Book Number 9788126543397
041 ## - LANGUAGE CODE
Language code of text/sound track or separate title eng
082 ## - DEWEY DECIMAL CLASSIFICATION NUMBER
Classification number 658.001
Item number DEI
100 ## - MAIN ENTRY--PERSONAL NAME
Personal name Deimler M. (Editor)
9 (RLIN) 195453
245 ## - TITLE STATEMENT
Title Own The Future
Remainder of title 50 Ways To Win From The Boston Consulting Group
260 ## - PUBLICATION, DISTRIBUTION, ETC. (IMPRINT)
Date of publication, distribution, etc. 2013
Name of publisher, distributor, etc. Wiley / Collins Business
300 ## - PHYSICAL DESCRIPTION
Extent 374
365 ## - TRADE PRICE
Currency code Rs.
Price amount 699.00
700 ## - ADDED ENTRY--PERSONAL NAME
Personal name Deimler M. (Editor); Lesser R. (Editor); Rhodes D. (Editor) & Sinha J. (Editor)
9 (RLIN) 195454
906 ## - LOCAL DATA ELEMENT F, LDF (RLIN)
d O:0366521-Jan-2014B:442125-Oct-2013
c GENRL
b 153.78
Holdings
Withdrawn status Lost status Damaged status Not for loan Home library Current library Date acquired Vendor Budget Code Cost, normal purchase price Bill number Total Checkouts Full call number Barcode Date last seen Discount Cost, replacement price Bill Date Koha item type Original Barcode
        Cummins College of Engineering for Women Pune Cummins College of Engineering for Women Pune 21/01/2014 Technical Book Services GENRL 545.22 4421   658.001 CCEP-BK-46058 18/07/2023 153.78 699.00 25/10/2013 Books 046058